000 00344 a2200157 4500
001 194462
020 _a85-363-0066-3
040 _cMagnum
100 _aArguís, Ricardo...[ et al. ]
240 1 0 _aTutoria
_lpor
245 1 0 _aTutoria
300 _a149
362 0 _a2002
697 _aEDUCAÇÃO EM GERAL E DISCIPLINAS AFINS
942 _cBK
999 _c194462
_d194462